000 00614nam a2200205 i 4500
001 133077
003 ES-MaACL
005 20250804062547.0
007 t|
008 070214s1971 sp r ||||1| spa d
100 1 _aRubert de Ventós, Xavier,
_d1939-
_9100297
245 1 0 _aMoral y nueva cultura /
_cXavier Rubert de Ventós.
260 _aMadrid :
_bAlianza,
_c1971.
300 _a178 p. ;
_c18 cm.
490 1 _aEl libro de bolsillo ;
_v343
650 7 _aÉtica
_2embne
_912577
830 0 3 _aEl libro de bolsillo
_v343
_9177802
852 _aES-MaACL
_jC-41625
_bR.79441
999 _c133077
_d133077